[Event "Cucuta Region Univ Ascun"]
[Site "Cucuta"]
[Date "2016.08.31"]
[Round "2.5"]
[White "Carreno Acevedo, Cristian Camil"]
[Black "Garcia Becerra, John F"]
[Result "0-1"]
[WhiteElo "1626"]
[BlackElo "1907"]
[PlyCount "90"]
[EventDate "2016.08.31"]
[EventType "swiss"]
[EventRounds "6"]
[EventCountry "COL"]
[SourceTitle "EXT 2024"]
[Source "ChessBase"]
[SourceDate "2023.10.10"]
[SourceVersion "1"]
[SourceVersionDate "2023.10.10"]
[SourceQuality "1"]

1. e4 d5 2. exd5 Nf6 3. Nc3 Nxd5 4. Nxd5 Qxd5 5. Nf3 Nc6 6. Be2 Bf5 7. d3 e6 8. 0-0 h6 9. b3 Be7 10. Bb2 0-0 11. Re1 Rfd8 12. d4 Nb4 13. Bd3 Nxd3 14. cxd3 Bg4 15. Re5 Bxf3 16. Rxd5 Bxd1 17. Rxd8+ Rxd8 18. Rxd1 Bf6 19. Kf1 Bxd4 20. Bxd4 Rxd4 21. Ke2 b6 22. Rc1 c5 23. Rc4 Kf8 24. Rxd4 cxd4 25. Kf3 e5 26. Ke4 f6 27. f4 exf4 28. Kxf4 Ke7 29. Ke4 Ke6 30. g4 g5 31. b4 f5+ 32. gxf5+ Kf6 33. Kxd4 Kxf5 34. Kd5 g4 35. d4 h5 36. Kc6 h4 37. d5 g3 38. hxg3 h3 39. d6 h2 40. d7 h1Q+ 41. Kc7 Qc1+ 42. Kd6 Qd2+ 43. Ke7 Qxb4+ 44. Ke8 Qb5 45. Ke7 Qe5+ 0-1